Estadística aplicada
Enregistré dans:
| Auteurs principaux: | , |
|---|---|
| Format: | Livre |
| Langue: | espagnol |
| Publié: |
Buenos Aires
EUDEBA
1968
|
| Édition: | 2a. ed |
| Sujets: | |
| Tags: |
Ajouter un tag
Pas de tags, Soyez le premier à ajouter un tag!
|
MARC
| LEADER | 00000nam a2200000 a 4500 | ||
|---|---|---|---|
| 001 | UCT8414 | ||
| 003 | CL-VaPUC | ||
| 008 | 970326e19680000AG |||||||||||||||||spa|d | ||
| 082 | 0 | 4 | |a 519.5 |b COR |2 21 |
| 100 | 0 | |a Cortada de Kohan, Nuria |e author |9 380149 | |
| 700 | 0 | |a Carro, José Manuel |e author |9 380150 | |
| 245 | 1 | 0 | |a Estadística aplicada |
| 250 | |a 2a. ed | ||
| 300 | |a 368 p | ||
| 942 | |c BK | ||
| 945 | |d 19970326 00:00:00 |a rleighto | ||
| 260 | |a Buenos Aires |b EUDEBA |c 1968 | ||
| 650 | 0 | |a Investigación científica |9 259857 | |
| 650 | 0 | |a Probabilidades |9 260199 | |
| 650 | 0 | |a Muestreo |9 270457 | |
| 650 | 0 | |a Datos estadísticos |9 329380 | |
| 650 | 0 | |a Métodos estadísticos |9 259407 | |
| 583 | |a last modification |c 20160928 09:40:24 |k Rodrigo Vera | ||
| 999 | |c 256913 |d 256911 | ||
| 952 | |0 0 |1 0 |4 0 |6 519_500000000000000_COR_1968 |7 0 |8 A |9 280035 |a BIBGIM |b BIBGIM |d 2019-11-19 |i 3275221 |l 1 |o 519.5 COR 1968 |p 3275221 |r 2025-01-15 |s 2022-07-13 |w 2019-11-19 |y BK |k SSL | ||
| 952 | |0 0 |1 0 |4 0 |6 519_500000000000000_COR_1968 |7 0 |8 A |9 280036 |a BIBGIM |b BIBGIM |d 2019-11-19 |i 3275868 |o 519.5 COR 1968 |p 3275868 |r 2025-01-15 |w 2019-11-19 |y BK |k SSL | ||
| 952 | |0 0 |1 0 |4 0 |6 519_500000000000000_COR_1968 |7 0 |8 P |9 280037 |a BIBEDU |b BIBEDU |c BIBEDU_PB |d 2019-11-19 |i 3065596 |o 519.5 COR 1968 |p 3065596 |r 2024-01-25 |w 2019-11-19 |y BK |k EDU | ||
| 952 | |0 0 |1 0 |4 0 |6 519_500000000000000_COR_1968 |7 0 |8 P |9 280038 |a BIBEDU |b BIBEDU |c BIBEDU_PB |d 2019-11-19 |i 3065642 |o 519.5 COR 1968 |p 3065642 |r 2024-01-25 |w 2019-11-19 |y BK |k EDU | ||